Protección social, pensiones y género (Registro nro. 4045)
[ vista simple ]
| 000 -LEADER | |
|---|---|
| fixed length control field | 01082 a2200229 4500 |
| 001 - CONTROL NUMBER | |
| control field | 45877 |
| 005 - DATE AND TIME OF LATEST TRANSACTION | |
| control field | 20260407155731.0 |
| 008 - FIXED-LENGTH DATA ELEMENTS--GENERAL INFORMATION | |
| fixed length control field | 260407a2003 arg spa d |
| 003 - CONTROL NUMBER IDENTIFIER | |
| control field | AR-UNSa-BCEJYS |
| 040 ## - CATALOGING SOURCE | |
| Original cataloging agency | AR-UNSa-BCEJYS |
| Language of cataloging | spa |
| Transcribing agency | AR-UNSa-BCEJYS |
| 080 ## - UNIVERSAL DECIMAL CLASSIFICATION NUMBER | |
| Universal Decimal Classification number | 369.5 |
| Common auxiliary subdivision | Seguro de vejez (de jubilación) |
| 020 ## - INTERNATIONAL STANDARD BOOK NUMBER | |
| International Standard Book Number | 92-2-313562-1 |
| 041 ## - LANGUAGE CODE | |
| Language code of text/sound track or separate title | spa |
| 100 1# - MAIN ENTRY--PERSONAL NAME | |
| Personal name | Arenas de Mesa, Alberto |
| 245 10 - TITLE STATEMENT | |
| Title | Protección social, pensiones y género |
| Name of part/section of a work | en Argentina, Brasil y Chile |
| 264 #1 - PRODUCTION, PUBLICATION, DISTRIBUTION, MANUFACTURE, AND COPYRIGHT NOTICE | |
| Place of production, publication, distribution, manufacture | Santiago : |
| Name of producer, publisher, distributor, manufacturer | Oficina Internacional del Trabajo |
| Date of production, publication, distribution, manufacture, or copyright notice | 2003 |
| 300 ## - PHYSICAL DESCRIPTION | |
| Extent | 225 p. |
| Dimensions | 23 cm. |
| 505 ## - FORMATTED CONTENTS NOTE | |
| Formatted contents note | 1. Protección Social, pensiones y género / Fabio M. Bertranou – 2. Protección social, jubilaciones, pensiones y género en Argentina / Rafael Rofman, Carlos Grushka – 3. Protección social, jubilaciones, pensiones y género en Brasil / Enid Rocha da Silva, Helmut Schwarzer – 4. Protección social, jubilaciones, pensiones y género en Chile / Alberto Arenas de Mesa, Pamela Gana Cornejo - |
| 590 ## - LOCAL NOTE (RLIN) | |
| Local note | niveau_biblio:m niveau_hierar:0 |
| 700 1# - ADDED ENTRY--PERSONAL NAME | |
| Personal name | Bertranou, Fabio M. |
| 942 ## - ADDED ENTRY ELEMENTS (KOHA) | |
| Koha item type | |
| Withdrawn status | Lost status | Damaged status | Not for loan | Home library | Current library | Shelving location | Date acquired | Total checkouts | Full call number | Barcode | Date last seen | Price effective from | Koha item type |
|---|---|---|---|---|---|---|---|---|---|---|---|---|---|
| Biblioteca Prof. Eusebio Cleto del Rey | Biblioteca Prof. Eusebio Cleto del Rey | 07/04/2026 | 369.5 B548p | L127219 | 07/04/2026 | 07/04/2026 | Libro |